000
00215nam a22000857a 4500
008
161202b xxu||||| |||| 00| 0 eng d
100
_9
1786
_a
Keefer. M
245
_a
I like sunday school
260
_a
America
_b
Standard
_c
1993
999
_c
4494
_d
4494